Największe europejskie miasta na literę A - Quiz z mapą - Statystyki

Ogólne statystyki
  • Ten quiz został rozwiązany 90 razy
  • Średni wynik to 8 z 20
Odpowiedzi na mapie
Odpowiedzi zakodowano w zielono-czerwonej skali na mapie do tego quizu, zgodnie z poniższymi procentami.
 
Statystyki odpowiedzi
Liczba
Ludności
Kraj Miasto % Poprawnych
882633 Holandia Amsterdam
99%
637798 Grecja Ateny
98%
544759 Belgia Antwerpia
85%
269022 Dania Aarhus
66%
328648 Hiszpania Alicante
59%
301033 Niemcy Augsburg
58%
198590 Wielka Brytania Aberdeen
51%
249069 Niemcy Akwizgran
51%
346979 Rosja Archangielsk
39%
244850 Hiszpania A Coruna
38%
194203 Hiszpania Almeria
38%
157577 Francja Angers
28%
171390 Hiszpania Albacete
26%
207512 Holandia Almere
19%
159704 Rumunia Arad
19%
168523 Hiszpania Alcorcon
15%
188960 Rosja Armawir
13%
175135 Portugalia Amadora
11%
174030 Portugalia Almada
10%
195649 Hiszpania Alcala de Henares
9%
Nie znaleziono quizów pasujących do podanych kryteriów
Rozkład punktacji
Procent ludzi z każdym wynikiem
Percentyl według liczby udzielonych odpowiedzi
Twoja historia wyników
Nie rozwiązałeś tego quizu